| 000 | 00436nam a2200157Ia 4500 | ||
|---|---|---|---|
| 005 | 20250429172136.0 | ||
| 008 | 231217s9999 xx 000 0 und d | ||
| 020 | _a9780079136916 | ||
| 082 | _a001.6424 KEL;1 R | ||
| 100 | _aKelleher, Rose. Jones, Thomas A. | ||
| 245 | 0 | _aAdvanced domino 5 web programming | |
| 260 |
_c1999 _bMcgraw hill _aNew York |
||
| 300 | _axiv+433 | ||
| 650 | _aAdvanced,domino,5,programming | ||
| 942 | _cAA | ||
| 999 |
_c182765 _d182765 |
||